000 00704nam a2200265Ia 4500
003 OSt
005 20220926021003.0
006 a|||||r|||| 00| 0
007 ta
008 220923b |||||||| |||| 00| 0 eng d
020 _a038797119X
037 _cGeneral Book
040 _aRTL
_cRTL
_beng
041 _2eng
_aeng
082 _aH23, M4;N0
100 _aMiall Andrew D
_9325520
245 0 _aPrinciples of sedimentary basin analysis
250 _a2
260 _aNew York
_bSpringer-Verlag U S A
_c1990
300 _axv,668p.
_ccm.
500 _aBib p. 615-33
650 _aGeology
_915465
942 _hH23, M4;N0
_cGB
_2CC
999 _c635378
_d635378